| 000 | 00586cam a2200193Ia 4500 | ||
|---|---|---|---|
| 020 | _a1555426905 | ||
| 040 | _cYSY | ||
| 082 | _a378 JOS 1993 A068 Or. | ||
| 245 | 0 | 0 | _aImportant lessons from innovative colleges and universities / |
| 246 | 1 | 8 | _aInnovative colleges and universities |
| 260 |
_aSan Francisco : _bJossey-Bass, _cc1993 |
||
| 300 |
_a112 p. ; _c23 cm |
||
| 490 | 1 | _aThe Jossey-Bass higher and adult education series | |
| 500 | _a"Summer 1993." | ||
| 650 | 0 | _aUniversities and colleges | |
| 650 | 0 | _aEducational innovations | |
| 700 | 1 | _aCardozier, V. R | |
| 942 | _cEK | ||
| 999 |
_c14447 _d14447 |
||